| 000 | 00000nam##2200000za#4500 |
| 001 | 9.615175 |
| 003 | CaOODSP |
| 005 | 20200327135357 |
| 007 | ta |
| 008 | 150406|1999||||xxc||||| f|0| 0 eng|d |
| 020 | |a0-662-28929-3 |
| 040 | |aCaOODSP|beng |
| 043 | |an-cn--- |
| 086 | 1 |aM22-132/14-1999E |
| 110 | 1 |aCanada.|bNatural Resources Canada. |bClimate Change Secretariat. |
| 245 | 10|aTechnology / |cPrepared by Technology Table. |
| 260 | |aOttawa - Ontario : |bNatural Resources Canada. |c1999. |
| 300 | |a1 vol. in various pagings. : |btables ; |c28 cm. |
| 490 | 1 |aOptions report |
| 563 | |aRing binding |
| 590 | |a00-21|b2000-05-26 |
| 690 | 07|aEnvironmental technology|2gcpds |
| 690 | 07|aClimate|2gcpds |
| 690 | 07|aEnvironmental management|2gcpds |
| 690 | 07|aPollution control|2gcpds |
| 776 | 0#|tEnhancing technology innovation for mitigating greenhouse gas emissions |w(CaOODSP)9.573064 |
| 830 | #0|aOptions report.|w(CaOODSP)9.514757 |